000 00711nmc a2200277 a 4500
003 AR-BaBNM
005 20251128202819.0
008 077019s1922 ||||||||||||||000 | spa||
040 _cAR-BaBNM
100 1 _aGálvez, Manuel
245 1 0 _aEl mal metafísico
_bnovela
260 _aBuenos Aires
_b[s.n.]
_c1922
300 0 _a347 p.
490 0 _aBiblioteca de novelistas americanos
_vv. 10
500 0 _aCarece de mayor información bibliográfica
650 4 _aREALISMO
650 4 _aLITERATURA ARGENTINA
650 4 _aESCRITORES
650 4 _aNOVELAS
650 4 _aNACIONALISMO
653 _aINFLUENCIA CLASICA
653 _aNARRATIVA
655 _aLITERATURA
942 _cBK
998 _cMARTIN
999 _c701
_d701